00957nam a2200241 a 4500001001000000003000500010005001700015008004100032010001100073011001100084040000900095100003400104245018200138260004100320500006000361502007700421650002700498650003800525650001900563650002900582650003400611856007000645000111196CHAP20220329144202.0150115s2014 mx a fsm |||||||spa d a107658 a108630 cCHAP1 aTapia García, Thalia Ximena10aPropuesta de producción integralh[En línea]bagrícola, pecuaria y acuícola para desarrollo sustentable en Soledad Atzompa, Veracruz /cpor Thalia Ximena Tapia García. aChapingo, Méx. :bEl autor,c2014. aPara ver el contenido del material haga clic en la liga aTesis (Ing. Agr. Esp. en Fitotecnia) -- UACH. Departamento de Fitotecnia14aAcuiculturazVeracruz.14aDesarrollo sustentablexVeracruz.14aEnergéticos.14aEnergía y agricultura.14aRecursos naturalesxVeracruz. aFinding aiduhttp://10.13.5.2/tesis/sist111196.pdfzTeclea aquí